000 00628nam a22002417a 4500
003 UA-OsUOA
001 60751
007 ta
008 20090603b un ||||| |||| 00| 0 ukr d
100 _aВинницький І.
090 _a238
_bВ48
942 _cBK
040 _aUA-OsUOA
_bukr
_cUA-OsUOA
_dUA-OsUOA
245 _aКатихисіс або бароковий душпарський сад
300 _a518 с.
955 _a2
041 _aukr
080 _a238
020 _a978-83-921954-1-2
260 _aПеремишль
_c2007
650 7 _a2 Релігія. Теологія.
_2UDC
999 _c346684
_d346684